Unit 6.1 Focus 3(PL) - Statystyki

Ogólne statystyki
  • Ten quiz został rozwiązany 5 razy
  • Średni wynik to 11 z 47
Statystyki odpowiedzi
Hint Odpowiedź % Poprawnych
Ręka,ramię Arm
100%
Złamać rękę/nogę/kciuk/palec u nogi Break your arm/leg/thumb/toe
100%
Złamanie Break
75%
Złamać komuś serce Break sb's heart
75%
Oparzenie Burn
75%
Skręcić kostkę/stopę/kolano/nadgarstek Sprain your ankle/foot/knee/wrist
75%
Kostka Ankle
50%
Pogryziony przez psa/szczura Bitten by a dog/rat
50%
Policzek Cheek
50%
Stopa/stopy Foot/feet
50%
Ukąszony przez owada/węża Bitten by an insect/a snake
25%
Skaleczyć sie w palec Cut your finger
25%
Zwichnac biodro/kolano/bark/kciuk Dislocate your hip/knee/shoulder/thumb
25%
Łokieć Elbow
25%
Palec Finger
25%
Czoło Forehead
25%
Mieć zawroty głowy Get dizzy
25%
Pomóc komuś Give sb a hand
25%
Kogoś boli palec Have a sore finger
25%
Kolano Knee
25%
Usta Lips
25%
Szyja Neck
25%
Nabierać kogoś Pull sb's leg
25%
Żebro Rib
25%
Kciuk Thumb
25%
Palec(u nogi) Toe
25%
Nadgarstek Wrist
25%
Zatkany nos Blocked nose
0%
Pupa,siedzenie Bottom
0%
Oparzyć sobie w palce/dłoń/język Burn your fingers/hand/tongue
0%
Przypalić sobie włosy Burn your hair
0%
Klatka piersiowa Chest
0%
Broda Chin
0%
Czesać wlosy Comb your hair
0%
Brew Eyebrow
0%
Paznokieć Fingernail
0%
Mieć podbite oko Have a black eye
0%
Mieć stłuczenie Have a bruise
0%
Mieć skaleczenie Have a cut
0%
Nie mogłem uwierzyć własnym oczom I couldn't believe my eyes
0%
Zrywać boki ze śmiechu Laugh your head off
0%
Na końcu języka On the tip of your tongue
0%
Szturchnąć,trącić Poke
0%
Bark Shoulder
0%
Kręgosłup Spine
0%
Udo Thigh
0%
Talia Waist
0%
Nie znaleziono quizów pasujących do podanych kryteriów
Rozkład punktacji
Procent ludzi z każdym wynikiem
Percentyl według liczby udzielonych odpowiedzi
Twoja historia wyników
Nie rozwiązałeś tego quizu